000
00303nam a22001337a 4500
082
_a
823
_b
PAI/S
100
_a
PAI, ANANT
245
_a
SHIVA PARVATHY
260
_a
MUMBAI
_b
AMAR CHITHRA KATHA
300
_a
32
520
_a
ENGLISH SHORT STORIES
650
_a
ENGLISH SHORT STORIES
_z
MUMBAI
942
_c
BK
999
_c
5223
_d
5223